Country Connect by Closest Non-Neighbor - Statistics

General Stats
  • This quiz has been taken 3,970 times
  • The average score is 89 of 196
Answers on the Map
Answers color-coded by a green-red scale on the quiz's map according to % correct below.
 
Answer Stats
Answer % Correct
Russia
100%
United States
79%
Bahamas
67%
Cuba
67%
Haiti
67%
Jamaica
66%
Dominican Republic
65%
Saint Kitts and Nevis
63%
Antigua and Barbuda
61%
Dominica
60%
Grenada
60%
Saint Lucia
60%
Saint Vincent and the Grenadines
60%
Trinidad and Tobago
60%
Venezuela
60%
Suriname
59%
Barbados
56%
Belize
56%
Colombia
56%
Costa Rica
56%
El Salvador
56%
Guyana
56%
Honduras
56%
Nicaragua
56%
Argentina
55%
Bolivia
55%
Brazil
55%
Canada
55%
Chile
55%
Denmark
55%
Ecuador
55%
Guatemala
55%
Iceland
55%
Mexico
55%
Norway
55%
Panama
55%
Paraguay
55%
Peru
55%
Uruguay
55%
Germany
54%
Italy
54%
Liechtenstein
54%
Sweden
54%
Belgium
53%
France
53%
Luxembourg
53%
Monaco
53%
Netherlands
53%
Switzerland
53%
United Kingdom
53%
Albania
52%
Austria
52%
Bulgaria
52%
Croatia
52%
Greece
52%
Kosovo
52%
Serbia
52%
Belarus
51%
Bosnia and Herzegovina
51%
Cyprus
51%
Czechia
51%
Estonia
51%
Finland
51%
Hungary
51%
Latvia
51%
Lithuania
51%
Moldova
51%
Poland
51%
Romania
51%
Saudi Arabia
51%
Slovakia
51%
Slovenia
51%
Syria
51%
Turkey
51%
Ukraine
51%
Azerbaijan
50%
Egypt
50%
Iraq
50%
Jordan
50%
Lebanon
50%
Pakistan
50%
Tajikistan
50%
Turkmenistan
50%
Afghanistan
49%
Comoros
49%
India
49%
Kyrgyzstan
49%
Madagascar
49%
Maldives
49%
Mozambique
49%
Seychelles
49%
Sri Lanka
49%
Democratic Republic of the Congo
48%
Gabon
48%
Angola
47%
Botswana
47%
Eswatini
47%
Lesotho
47%
Malawi
47%
Namibia
47%
Zimbabwe
47%
Burundi
46%
Djibouti
46%
Ethiopia
46%
Sudan
46%
Uganda
46%
Yemen
46%
Algeria
45%
Chad
45%
Kenya
45%
Rwanda
45%
South Sudan
45%
Morocco
44%
Portugal
44%
Spain
44%
Libya
43%
Malta
43%
Tunisia
43%
Andorra
42%
Iran
42%
Israel
42%
Armenia
41%
Bahrain
41%
Kuwait
41%
Oman
41%
Qatar
41%
United Arab Emirates
41%
China
40%
Japan
40%
Kazakhstan
40%
Mongolia
40%
North Korea
40%
Philippines
40%
South Korea
40%
Taiwan
40%
Indonesia
39%
Malaysia
39%
Singapore
39%
Australia
38%
Papua New Guinea
38%
Solomon Islands
38%
Fiji
37%
Samoa
37%
Tonga
37%
Vanuatu
37%
Kiribati
36%
Nauru
36%
Tuvalu
36%
Bangladesh
35%
Brunei
35%
East Timor
35%
Federated States of Micronesia
35%
Marshall Islands
35%
Palau
35%
Thailand
35%
Vietnam
35%
Bhutan
34%
Cambodia
34%
Georgia
34%
Myanmar
34%
Nepal
34%
Uzbekistan
34%
Montenegro
33%
North Macedonia
33%
San Marino
33%
Gambia
32%
Guinea-Bissau
32%
Ireland
32%
Mali
32%
Mauritania
32%
Vatican City
32%
Nigeria
31%
Benin
30%
Ghana
30%
Niger
30%
Togo
30%
Burkina Faso
29%
Cape Verde
29%
Guinea
29%
Ivory Coast
29%
Liberia
29%
Senegal
29%
Sierra Leone
29%
Cameroon
28%
Equatorial Guinea
28%
Republic of the Congo
28%
Sao Tome and Principe
28%
Zambia
28%
Central African Republic
27%
Eritrea
27%
Somalia
27%
South Africa
27%
Tanzania
27%
Laos
26%
Mauritius
26%
New Zealand
26%
No matching quizzes found
Score Distribution
Percent of People with Each Score
Percentile by Number Answered
Your Score History
You have not taken this quiz